|
|
|
|
| LEADER |
00763nam a22002291a 4500 |
| 020 |
|
|
|a 0892031727
|c 0.00
|
| 040 |
|
|
|a SSUS - Library - Kalady
|
| 082 |
|
|
|a 617.102 71
|b ROB/A
|
| 100 |
|
|
|a Robert C Schenck
|
| 245 |
|
|
|a Athletic training and sports medicine
|h [Text]
|
| 250 |
|
|
|a 3
|
| 260 |
|
|
|a Rosemont
|b American Academy of Orthopaedic Surgeons
|c 1999
|
| 300 |
|
|
|a 925p.
|
| 600 |
|
|
|a Athletic Training
|
| 600 |
|
|
|a Physical Education
|
| 600 |
|
|
|a Physical Education Training
|
| 600 |
|
|
|a Sports
|
| 600 |
|
|
|a Sports Medicine
|
| 852 |
|
|
|h 617.102 71
|i ROB/A
|p 069853
|9 995.00
|t 0
|
| 942 |
|
|
|c BK
|
| 999 |
|
|
|c 3530
|d 3530
|
| 952 |
|
|
|0 0
|1 0
|4 0
|6 617_102000000000000_71_ROB_A
|7 0
|9 5411
|a SSUS
|b SSUS
|d 2015-01-08
|g 995.00
|o 617.102 71 ROB/A
|p 069853
|r 2015-05-21
|v 0.00
|w 2015-01-08
|y BK
|